JetPunkers Interviewed by baptistegorce - Statistics

General Stats
  • This quiz has been taken 34 times
    15 since last reset
  • The average score is 6 of 14
Answer Stats
JetPunker % Correct
MG17
92%
NiobiumVoid
67%
BolyaiAnna
67%
QuizQueen123
58%
Iluvbread123
58%
Malkiboy
58%
Pandora49
50%
Stewart
50%
IAB
17%
GeoPhilia
17%
Elboy
17%
HinesBrothers
8%
Crem
8%
Penguinish
8%
No matching quizzes found
Score Distribution
Percent of People with Each Score
Percentile by Number Answered
Your Score History
You have not taken this quiz since the last reset